Ernesto /

में बचाया:
ग्रंथसूची विवरण
मुख्य लेखक: Saba, Umberto (लेखक)
अन्य लेखक: Miniussi, Sergio (परिचय का लेखक, आदि।)
स्वरूप: पुस्तक
भाषा:इतालवी
प्रकाशित: Torino : Einaudi, 1975
श्रृंखला:Einaudi letteratura ; 46
टैग: टैग जोड़ें
कोई टैग नहीं, इस रिकॉर्ड को टैग करने वाले पहले व्यक्ति बनें!

MARC

LEADER 00000nam a22000007i 4500
001 IT\ICCU\BVE\0679824
003 ItRI
005 20250827143029.0
008 150611s1975 it |||||| ||||| |||||c
040 |b ita  |c ct 
041 7 |a ita  |2 ISO-639-2 
082 |a 853.912  |2 23 
100 1 |a Saba, Umberto  |0 IT\ICCU\CFIV\005845  |4 aut 
240 1 0 |a Ernesto  |9 Saba, Umberto 
245 1 0 |a Ernesto /  |c Umberto Saba. 
260 |a Torino :  |b Einaudi,  |c 1975 
300 |a 165 p. ;  |c 21 cm 
500 |a Contiene: Sedici lettere di Umberto Saba in cui si parla di Ernesto, con una nota di Sergio Miniussi 
700 1 |a Miniussi, Sergio  |0 IT\ICCU\RAVV\027439  |4 aui 
830 0 |a Einaudi letteratura ;  |v 46  |0 IT\ICCU\CFI\0002813 
942 |2 ddc  |c BK 
952 |0 0  |1 0  |2 ddc  |4 0  |6 B_LNR02SABUMERN13  |7 0  |9 6130  |a MI  |b MI  |d 1987-12-10  |i 701  |l 0  |o B-LNR02-SABUM-ERN13  |p CDOM701  |r 2025-07-13 16:28:00  |w 2025-07-13  |x DONO  |y BK 
981 1 |6 z01  |a i   |b xxxe  
982 1 |6 z01  |a n 
999 |c 4902  |d 4902